|
|
|
|
| LEADER |
00000nab a2200000uu 4500 |
| 001 |
vtls011438890 |
| 003 |
SK-MaSNL |
| 005 |
20260303150322.0 |
| 008 |
230222| xo |||||||||||||||||cze| |
| 015 |
|
|
|a SNBRB
|
| 035 |
|
|
|a (urnnbn)urn:nbn:sk:snk:ar-002udu
|
| 035 |
|
|
|a (uuid)d2023d77-eda5-4d23-8867-f40a0252741d
|
| 035 |
|
|
|a urn:nbn:sk:snk-abcdpt
|
| 040 |
|
|
|a SNKBUCL
|b slo
|c SNKBUCL
|e AACR2
|
| 041 |
0 |
|
|a cze
|
| 044 |
|
|
|a xo
|c SK
|
| 100 |
1 |
|
|a Hasenöhrlová, Milena
|4 aut
|9 1169215
|
| 245 |
1 |
0 |
|a Předškolní dítě v roli pacienta
|c Milena Hasenöhrlová
|
| 773 |
0 |
|
|t Predškolská výchova : pedagogický časopis pre učiteľky materských škôl
|g Roč. 43, č. 11 (1988-1989), s. 23-24
|
| 958 |
|
|
|a OND
|
| 958 |
|
|
|a EUIPO
|
| 958 |
|
|
|a article16
|
| 999 |
|
|
|c 2009751
|d 2011681
|